| 000 | 01579cam a22003737a 4500 | ||
|---|---|---|---|
| 003 | CHAP | ||
| 005 | 20220817043847.0 | ||
| 008 | 010926s2000 mx r 00010 spa d | ||
| 010 | _a86375 | ||
| 011 | _a87347 | ||
| 020 | _a0889369372 | ||
| 035 | _a97890 | ||
| 040 | _cCHAP | ||
| 082 | 0 | 4 |
_a581.151 _bC5 |
| 110 | 2 | _aCentro Internacional de Investigaciones para el Desarrollo | |
| 245 | 1 | 0 |
_aSiembra de soluciones _c/por Centro Internacional de Investigaciones para el Desarrollo |
| 260 |
_aOttawa : _bCentro Internacional de Investigaciones para el Desarrollo, _c1994? |
||
| 300 | _av. | ||
| 500 | _aLa biblioteca tiene : v.1 Alternativas políticas en materia de recursos genéticos (actualización de gente, plantas y patentes) -- v.2 Opciones para leyes nacionales de control sobre recursos genéticos e innovaciones biológicas | ||
| 590 |
_aBATCH-UPD _b10 _c20130110 _lUCH01 _h0829 |
||
| 590 |
_aBATCH-UPD _b10 _c20130410 _lUCH01 _h0507 |
||
| 590 |
_aBATCH-UPD _b10 _c20130914 _lUCH01 _h0629 |
||
| 590 |
_aCONVERSION _b10 _c20130109 _lUCH01 _h1348 |
||
| 650 | 0 | 4 |
_aBiodiversidad. _912724 |
| 650 | 0 | 4 |
_aGermoplasma. _947766 |
| 650 | 0 | 4 |
_aRecursos genéticos _xConservación. _995081 |
| 700 | 0 |
_aGrupo Crucible II. _950868 |
|
| 901 | _aBK | ||
| 905 | _aAlejandra Carrasco M. | ||
| 942 | _cLIBRO | ||
| 949 |
_a581.151 C5 _bBC _cLIBRO _d33724000848883 _eLIBRO _fv.1 _h103077 _i97890 _si |
||
| 949 |
_a581.151 C5 _bBC _cLIBRO _d33724000873600 _eLIBRO _fv.1 c.2 _gDonaciØn _h103346 _i97890 _si |
||
| 949 |
_a581.151 C5 _bBC _cLIBRO _d33724000910386 _eLIBRO _fv.2 _gDonaciØn _h104104 _i97890 _si |
||
| 999 |
_c86375 _d86375 |
||